|
|
|
|
| LEADER |
00000nam a22000007a 4500 |
| 005 |
20180720212310.0 |
| 007 |
cr|||| |||| |
| 008 |
180720s2013 mx |||||s|||| 00||0 spa d |
| 020 |
|
|
|a 978-607-8359-42-4
|
| 035 |
|
|
|a 21877
|
| 040 |
|
|
|a vLex
|
| 090 |
|
|
|c 8068
|d 8068
|
| 245 |
0 |
0 |
|a Capacidad de internacionalizacin̤, actividad innovadora e intraemprendimiento en la MiPyME
|h [Recurso electrn̤ico] /
|
| 256 |
|
|
|a Servicio en ln̕ea
|
| 260 |
|
|
|a Aguascalientes:
|b Universidad Autn̤oma de Aguascalientes,
|c 2013
|
| 300 |
|
|
|a 1 recurso electrn̤ico (198 p.)
|
| 500 |
|
|
|a Un anl̀isis cross-cultural Aguascalientes-Murcia.
|
| 506 |
1 |
|
|a Disponible solo en los productos indicados
|d vLex Global
|d vLex Global (Academic Edition, excluding Law Schools)
|d vLex Global (U.S. Academic Edition, Law Schools)
|d vLex Global (U.S. Academic Edition, excluding Law Schools)
|d vLex Global (Academic Edition, Law Schools)
|
| 650 |
0 |
4 |
|a Economa̕ y negocios
|z Mx̌ico
|
| 740 |
0 |
|
|a vLex Libros (Servicio en ln̕ea)
|
| 856 |
4 |
0 |
|u http://vlex.com/source/capacidad-internacionalizacion-actividad-innovadora-intraemprendimiento-mipyme-21877
|z Acceso restringido
|
| 942 |
|
|
|c BOOK
|
| 999 |
0 |
|
|a Economy and business
|